El Vallès Occidental vist des de dalt
Descripción Física:
14 pàgs. ; il. b/n ; 29 cm
Colección:
Arrel : revista editada per la Diputació de Barcelona
; Núm. 4 (octubre, 1982-març, 1983) ; pàgs.69-82
MARC
| LEADER | 00000nab a2200000 a 4500 | ||
|---|---|---|---|
| 001 | 8160 | ||
| 003 | Arxiu | ||
| 005 | 20260324195725.0 | ||
| 008 | 160829s9999 xx 000 0 cat d | ||
| 245 | |a El Vallès Occidental vist des de dalt | ||
| 260 | |a Barcelona : |b Diputació de Barcelona ; |c 1982-1983 | ||
| 300 | |a 14 pàgs. ; |b il. b/n ; |c 29 cm | ||
| 490 | |a Arrel : revista editada per la Diputació de Barcelona ; |v Núm. 4 (octubre, 1982-març, 1983) ; pàgs.69-82 |x 0211-562X | ||
| 651 | 0 | |a Vallès Occidental (Catalunya) |x Vistes aèries |9 55550 | |
| 856 | 4 | |u https://media.diba.cat/diba/fitxers/arxiu/hemeroteca/arrel/8160/bib_8160_1981_1984_n04_a07_baixa.pdf |y Accés lliure | |
| 856 | 4 | |u https://media.diba.cat/diba/fitxers/arxiu/hemeroteca/arrel/8160/bib_8160_1981_1984_n04_a07_baixa.pdf |y bib_8160_1981_1984_n04_a07_baixa.pdf | |
| 901 | |a Arxiu | ||
| 942 | |n 1 |2 udc |c Articles de revista | ||
| 952 | |0 0 |1 0 |2 udc |4 0 |6 REV93 |7 1 |9 50925 |a Arxiu |b Arxiu |d 2016-12-01 |o Rev-93 |r 2016-12-01 00:00:00 |w 2016-12-01 |y ARXIU | ||
| 999 | |c 54768 |d 54768 | ||
| 900 | |a bib_8160_1981_1984_n04_a07_baixa.pdf | ||